Statistics for Country to world records

Click here to take the quiz!

General Stats

  • This quiz has been taken 26 times
  • The average score is 10 of 27

Answer Stats

HintAnswer% Correct
Largest countryRussia
100%
Smallest countryVatican city
89%
Largest populationChina
84%
Largest prison populationUnited states of america
79%
Most visitedFrance
63%
Highest life expectansyJapan
53%
Most obese people by capitaNauru
53%
Tallest populationNetherlands
53%
Most languagesPapua new Guinea
53%
Happiest countryFinland
47%
Safest countryIceland
47%
Least happyAfghanistan
42%
Coldest weatherCanada
37%
Smartest average IQSingapore
32%
Most bunkers in one countryAlbania
26%
Most corruptSomalia
26%
Shortest populationEast timor/Timor Leste
21%
Country Which have invaded the mostUnited kingdom
21%
Highest amount of alcoholics per capitaLithuania
16%
Highest crime rateVenezuela
16%
Hottest weatherBurkina Faso
11%
Lowest average IQEquatorial Guinea
11%
Most invaded countryIndia
11%
Largest Prosent of adults living in their parents houseMontenegro
11%
Most stressed countryPeru
11%
Lowest crime rateQatar
11%
Lowest life expectansyLesotho
5%

Score Distribution

Percentile by Number Answered

Percent of People with Each Score

Your Score History

You have not taken this quiz